Normal view
MARC view
Entry Personal Name
001 - CONTROL NUMBER
- control field: 6734
003 - CONTROL NUMBER IDENTIFIER
- control field: OSt
005 - DATE AND TIME OF LATEST TRANSACTION
- control field: 20160208131112.0
008 - FIXED-LENGTH DATA ELEMENTS
- fixed length control field: 160208|| aca||aabn | a|a d
040 ## - CATALOGING SOURCE
- Original cataloging agency: OSt
- Transcribing agency: OSt
100 ## - HEADING--PERSONAL NAME
- Personal name: edited by Marlink, Richard G.; Teitelman, Sara J.
670 ## - SOURCE DATA FOUND
- Source citation: Work cat.: (OSt): edited by Marlink, Richard G.; Teitelman, Sara J., From the ground up: building comprehensive HIV/AIDS care programs in resource-limited settings
